| 000 | 00328nam a2200109Ia 4500 | ||
|---|---|---|---|
| 008 | 201231s9999 xx 000 0 und d | ||
| 100 | _aKanth, Rajani (Ed.) | ||
| 245 | 0 | _aParadigms in Economic Development: classic perspectives, critiques, and reflections | |
| 260 |
_aNew Delhi _bRawat Publications |
||
| 300 | _a276 | ||
| 942 | _cBK | ||
| 999 |
_c9458 _d9458 |
||